[Event "Heusenstamm Sparkassen op-B 4th"]
[Site "Heusenstamm"]
[Date "2017.11.25"]
[Round "4"]
[White "Schwegler, Jelena"]
[Black "Fritsch, Reinhold"]
[Result "1-0"]
[WhiteElo "1462"]
[BlackElo "1653"]
[PlyCount "87"]
[EventDate "2017.11.23"]
[EventType "swiss"]
[EventRounds "7"]
[EventCountry "GER"]
[SourceTitle "EXT 2019"]
[Source "ChessBase"]
[SourceDate "2018.10.10"]
[SourceVersion "1"]
[SourceVersionDate "2018.10.10"]
[SourceQuality "1"]

1. e4 d6 2. d4 g6 3. Nf3 Bg7 4. Bc4 Nf6 5. Nc3 0-0 6. 0-0 Nxe4 7. Nxe4 d5 8. Bxd5 Qxd5 9. Nc3 Qd8 10. h3 Nd7 11. Bf4 c6 12. Qd2 Nf6 13. Rfe1 Re8 14. Rad1 Nd5 15. Nxd5 Qxd5 16. b3 Bf5 17. c4 Qd7 18. Bh6 f6 19. Bxg7 Kxg7 20. d5 Qc7 21. Nd4 Bd7 22. dxc6 bxc6 23. Nb5 cxb5 24. Qxd7 Qxd7 25. Rxd7 Kf7 26. cxb5 h5 27. a4 Kf8 28. Rc1 Red8 29. Rcc7 Rxd7 30. Rxd7 Ke8 31. Rb7 Kd8 32. a5 g5 33. Kf1 a6 34. b6 f5 35. Ra7 Rb8 36. Rxa6 Kd7 37. Ra7+ Kd6 38. Ke2 e5 39. Rh7 Kc6 40. Re7 Kd6 41. Rf7 Ke6 42. Rh7 h4 43. Rh6+ Kd5 44. a6 1-0

[Event "Frankfurt-chA"]
[Site "Frankfurt"]
[Date "2017.05.08"]
[Round "3"]
[White "Weiland, Thomas"]
[Black "Fritsch, Reinhold"]
[Result "1-0"]
[WhiteElo "1767"]
[BlackElo "1476"]
[PlyCount "49"]
[EventDate "2017.04.24"]
[EventType "swiss"]
[EventRounds "7"]
[EventCountry "GER"]
[SourceTitle "EXT 2018"]
[Source "ChessBase"]
[SourceDate "2017.10.13"]
[SourceVersion "1"]
[SourceVersionDate "2017.10.13"]
[SourceQuality "1"]

1. e4 d6 2. d4 Nf6 3. Nc3 g6 4. Bg5 Bg7 5. Nf3 0-0 6. Be2 Nbd7 7. 0-0 a6 8. a4 e5 9. dxe5 Nxe5 10. Nxe5 dxe5 11. Qxd8 Rxd8 12. Nd5 Rd6 13. Bxf6 Bxf6 14. Nxc7 Rb8 15. Ne8 Re6 16. Nxf6+ Rxf6 17. Rfd1 Rc6 18. Rd8+ Kg7 19. c3 f5 20. exf5 gxf5 21. h3 b5 22. axb5 axb5 23. Ra7+ Rb7 24. Rxb7+ Bxb7 25. Rd7+ 1-0